Archives in the society

Titel: Archives in the society : ICA Pre-Congress meeting - Vienna 2004 ; papers of the international conference Elbla̜g, May 22 - 24, 2003 / ed. by Władysław Ste̜pniak. The Head Office of State Archives
Beteiligt:
Körperschaft:
Veröffentlicht: Warszawa, 2003
Umfang: 293 Seiten
Format: Buch
Sprache: Englisch
Schriftenreihe/
mehrbändiges Werk:
Papers of international conferences on archives of the International Council on Archives (ICA) the states of Central and Eastern Europe Delos Cee-Network of excellence on digital libraries
Schlagworte:
ISBN: 8389115204
Buchumschlag
X
alg: 12363493
001A    $03005:16-09-04 
001B    $01999:24-02-26 $t16:26:51.000 
001D    $03005:16-09-04 
001U    $0utf8 
001X    $00 
002@    $0Aau 
002C    $aText $btxt $2rdacontent 
002D    $aohne Hilfsmittel zu benutzen $bn $2rdamedia 
002E    $aBand $bnc $2rdacarrier 
003@    $0123634938 
003O    $058035076 $aOCoLC 
004A    $083-89115-20-4 
007A    $0123634938 $aHEB 
007T    $0201-a00174 
007T    $0Herdk74605 
007T    $0ArchMa06660 
010@    $aeng 
011@    $a2003 
013D    $RWissenschaftliche Literatur $RAufsatzsammlung $#Konferenzbericht $D20251120 $Ecgmnf $71071861417 $8Konferenzschrift [Tsz] $9359646190 
021A    $aArchives in the society $dICA Pre-Congress meeting - Vienna 2004 ; papers of the international conference Elbla̜g, May 22 - 24, 2003 $hed. by Władysław Ste̜pniak. The Head Office of State Archives 
028C    $BHerausgeber $4edt $D20231015 $Ecgwrk $8Stępniak, Władysław$Z1948- [Tp3] $9488946220 
029F    $#Poland, Naczelna Dyrekcja Archiwów Państwowych $#Direction générale des archives d'État Polen $#General Head Office of State Archives Polen $#Generaldirektion der Staatlichen Archive Polen $#Generaldirektion der Staatlichen Archive Polens $#Generalnaja direkcija gosudarstvennych archivov Polen $#Glavnaja direkcija gosudarstvennych archivov Polen $#Head Office of State Archives Polen $#Heneralʹna dyrekcija deržavnych archiviv $#Naczelna Dyrekcja Archiwów Państwowych $#NDAP $#State Archives Head Office Polen $#Polen, Direction générale des archives d'État $#Polen, General Head Office of State Archives $#Polen, Generaldirektion der Staatlichen Archive $#Polen, Generalnaja direkcija gosudarstvennych archivov $#Polen, Head Office of State Archives $#Polen, Heneralʹna dyrekcija deržavnych archiviv $#Polen, State Archives Head Office $71008713-8 $8Polen$bNaczelna Dyrekcja Archiwów Państwowych [Tb1] $904191466X 
033A    $pWarszawa 
034D    $a293 Seiten 
036G    $aPapers of international conferences on archives of the International Council on Archives (ICA) the states of Central and Eastern Europe Delos Cee-Network of excellence on digital libraries 
044K    $RArchivkunde $RArchivalien $RArchivar $RKulturelle Einrichtung $#Archives $#Archives $#Archivos $#Archiv $#Archiv $#Elektronisches Archiv $#Archivwesen $#Archive $D20251120 $Ecgmnf $74002859-8 $8Archiv [Ts1] $9084999330 
044K    $RKooperation $#International cooperation $#Coopération internationale $#international cooperation $#Internationale Zusammenarbeit $#internationale Zusammenarbeit $#Internationale Besuche/Begegnungen $#Internationale Partnerschaft $#Internationale projektbezogene Zusammenarbeit $#Internationale Verhandlungen $#Internationale Zusammenarbeit $#Internationale Beziehungen Kooperation $#Internationale Zusammenarbeit $D20251120 $Ecgmnf $74120503-0 $8Internationale Kooperation [Ts1] $9085385085 
044K    $#Archiv Recht $D20251120 $Ecgmnf $74142972-2 $8Archivrecht [Ts1] $9085559253 
044K    $REuropa $ROstblock $ROstmitteleuropa $#Europa, Ost $#Östliches Europa $#Central Europe Osteuropa $D20251120 $Ecgmnf $74075739-0 $8Osteuropa [Tg1] $9085214396 

lok: 12363493 59

exp: 12363493 59 1 #EPN
201B/01 $016-09-04 $t10:11:26.000 
201C/01 $016-09-04 
203@/01 $0219366020 
208@/01 $a16-09-04 $bz 
209A/01 $aAE 10.45 $ds $f106 $hAE 10 45 $x00 
209C/01 $aII 2004/398 $h2 2004 398 
247C/01 $8358106-8 Marburg, Bibliothek der Archivschule Marburg $910260097X 
201U/01 $0utf8 

lok: 12363493 63

exp: 12363493 63 1 #EPN
201B/01 $003-12-07 $t10:24:33.000 
201U/01 $0utf8 
203@/01 $051159190X 
208@/01 $a29-05-94 $bz 
209A/01 $a01 B 393 $ds $f201 $x00 
247C/01 $8618201-x Darmstadt, Zentralarchiv der Evangelischen Kirche in Hessen und Nassau $9111871662 

lok: 12363493 78

exp: 12363493 78 1 #EPN
201B/01 $019-04-17 $t15:27:53.000 
201U/01 $0utf8 
203@/01 $0792268563 
208@/01 $a12-11-16 $be 
209A/01 $a/ $f000 $x00 
220C/01 $aTitelaufnehmer: pbb 
220C/01 $aHerkunft: PBB/IH PAN 
244Z/01 $2Trx $#Poola $#Lenkija $#Polija $#Polen Land $#Poland $#Lengyelország $#Poľsko $#Polsko $8--Trx--Polska$gkraj $x01 $9391345966 
244Z/01 $2Trx $#arhiivi olemus $#archyvistika $#archivistics $#levéltári dolog $#archiwistyka $#archívnictvo $#archivnictví $8--Trx--Archivwesen $x02 $939135406X 
244Z/01 $2Trx $#dzieło zbiorowe $8--Trx--Sammelwerk $x03 $9391384597 
245Z/01 $a01.03 $x01 
247C/01 $82080>Marburg/Lahn, Herder-Institut, Forschungsbibliothek, Bibliographieportal $9336309341 

lok: 12363493 105

exp: 12363493 105 1 #EPN
201B/01 $030-01-19 $t13:24:13.000 
201C/01 $030-01-19 
201U/01 $0utf8 
203@/01 $01042261245 
208@/01 $a13-12-18 $be 
209A/01 $a/ $f106 $x00 
245Z/01 $a1.04.03. $bZwischenstaatliches und überstaatliches Archivwesen / Veranstaltungen / Sonstige Veranstaltungen $x01 
245Z/01 $a1.06. $bZwischenstaatliches und überstaatliches Archivwesen / Mehrere Staaten betreffende Veröffentlichungen $x02 
245Z/01 $a4.01.01. $bArchivwesen Europas / Archivwesen Europas / Allgemeines $x03 
247C/01 $8->Marburg, Bibliographie zum Archivwesen der Archivschule Marburg $939588196X
LEADER 00000cam a2200000 c 4500
001 123634938
003 DE-603
005 20260224162651.0
007 tu
008 040916s2003 xx |||| | u10||u|eng c
020 |a 8389115204 
035 |a (DE-599)HEB123634938 
035 |a (OCoLC)58035076 
040 |a DE-603  |b ger  |c DE-603  |d DE-603 
041 |a eng 
245 0 0 |a Archives in the society  |b ICA Pre-Congress meeting - Vienna 2004 ; papers of the international conference Elbla̜g, May 22 - 24, 2003  |c ed. by Władysław Ste̜pniak. The Head Office of State Archives 
264 1 |a Warszawa  |c 2003 
300 |a 293 Seiten 
336 |a Text  |b txt  |2 rdacontent 
337 |a ohne Hilfsmittel zu benutzen  |b n  |2 rdamedia 
338 |a Band  |b nc  |2 rdacarrier 
490 0 |a Papers of international conferences on archives of the International Council on Archives (ICA) the states of Central and Eastern Europe Delos Cee-Network of excellence on digital libraries 
650 7 |a Archiv  |0 (DE-588)4002859-8  |0 (DE-603)084999330  |2 gnd 
650 7 |a Internationale Kooperation  |0 (DE-588)4120503-0  |0 (DE-603)085385085  |2 gnd 
650 7 |a Archivrecht  |0 (DE-588)4142972-2  |0 (DE-603)085559253  |2 gnd 
651 7 |a Osteuropa  |0 (DE-588)4075739-0  |0 (DE-603)085214396  |2 gnd 
655 7 |a Konferenzschrift  |2 gnd-content  |0 (DE-588)1071861417  |0 (DE-603)359646190 
700 1 |a Stępniak, Władysław  |d 1948-  |e Herausgeber  |4 edt  |0 (DE-603)488946220  |0 (DE-588)1247823288  |2 gnd 
710 1 |a Polen  |b Naczelna Dyrekcja Archiwów Państwowych  |0 (DE-603)04191466X  |0 (DE-588)1008713-8  |2 gnd 
924 0 |9 Mb 106  |a (DE-603)219366020  |b DE-Mb106  |c HES  |d c  |g AE 10.45 
924 0 |9 Ds 201  |a (DE-603)51159190X  |b DE-Ds201  |c HES  |d d  |g 01 B 393 
924 0 |9 2080  |a (DE-603)792268563  |b DE-2080  |c HES  |d d  |g / 
924 0 |9 -  |a (DE-603)1042261245  |b DE-  |c HES  |d d  |g /